|
|
|
|
| LEADER |
00000nas a22000001a 4500 |
| 001 |
vtls010299823 |
| 005 |
20260312083404.0 |
| 008 |
110810d19571961xo br p r 0 b0slo |
| 015 |
|
|
|a SNBDS17XX9999
|
| 015 |
|
|
|a 1121
|2 Balúnová 1945-60
|
| 015 |
|
|
|a 0486
|2 Janů 1961-65
|
| 038 |
|
|
|a SNKBUDS
|
| 040 |
|
|
|a SNK
|b slo
|c SNK
|e AACR2
|
| 041 |
0 |
|
|a slo
|
| 044 |
|
|
|a xo
|c SK
|
| 080 |
|
|
|a 368.03
|2 2001
|
| 080 |
|
|
|a 655.3066.23
|2 2001
|
| 245 |
0 |
0 |
|a Poisťovacie rozhľady
|b časopis Oblastnej správy Štátnej poisťovne v Bratislave
|
| 260 |
|
|
|a Bratislava
|b Štátna poisťovňa, oblastná správa v Bratislave
|c 1957-
|
| 300 |
|
|
|a 5 roč.
|c 21 x 15 cm
|
| 310 |
|
|
|a 6x ročne
|
| 362 |
0 |
|
|a Roč. I, č. 1 (1957)-roč. V, č. 6 (1961)
|
| 500 |
|
|
|a Vych. v Bratislave dvojmesačne vo formáte 21 x 15 cm, od 1/V (1961) 20 x 14,5 cm
|
| 500 |
|
|
|a Zodp. ved. red. Anton Bútora s red. krúžkom, od 4/IV (júl 1960) Pavel Skala s red. krúžkom
|
| 500 |
|
|
|a Vyd. Štátna poisťovňa, oblastná správa v Bratislave
|
| 500 |
|
|
|a Tlač. Nitrianske tlačiarne, n.p. v Nitre, od 3/II (1958) Západoslov. tlačiarne, n.p., kraj. záv. v Nitre
|
| 500 |
|
|
|a Vychádza so širším obsahovým zameraním. Pov. PŠK-HSV-24160/56. Obsah uvádzaný aj v maď. jaz.
|
| 505 |
8 |
0 |
|g Roč. I. 1957 6 č. po 16-24 s.
|
| 505 |
8 |
0 |
|g Roč. II. 1958 6 č. po 16-24 s.
|
| 505 |
8 |
0 |
|g Roč. III. 1959 6 č. po 16-24 s
|
| 505 |
8 |
0 |
|g Roč. IV. 1960 6 č. po 16-14 s.
|
| 505 |
8 |
0 |
|g Roč. V. 1961 6 č. po 24-36 s.
|
| 580 |
|
|
|a Vych. namiesto čas. Poistná ochrana. Od 1/XVI [XXXIX] (1962) bol časopis premenovaný na Pojistný obzor, ktorý vychádza v Prahe v českom jazyku ako celoštátny časopis
|
| 650 |
0 |
7 |
|a poisťovníctvo
|2 SNKPH
|9 2517
|
| 655 |
|
7 |
|a propagačné časopisy
|2 SNKBUDS
|9 271085
|
| 700 |
1 |
|
|a Bútora, Anton
|4 pbd
|9 273643
|
| 700 |
1 |
|
|a Skála, Pavel,
|d 1943-1986
|4 pbd
|9 273644
|
| 700 |
|
|
|a Skala, Pavel
|9 1634667
|
| 710 |
2 |
|
|a Štátna poisťovňa (Bratislava, Slovensko)
|b Oblastná správa Bratislava
|9 273645
|
| 710 |
2 |
|
|a Nitrianske tlačiarne, n.p. (Nitra, Slovensko)
|9 268882
|
| 710 |
2 |
|
|a Západoslovenské tlačiarne, n.p. (Bratislava, Slovensko).
|b Závod Nitra
|9 269118
|
| 780 |
0 |
2 |
|t Poistná ochrana
|
| 785 |
0 |
0 |
|t Pojistný obzor
|
| 852 |
|
|
|a SNK
|b 10000
|h ČSC 713
|
| 852 |
|
|
|a SVKKK
|b 900000
|h A 446
|
| 852 |
|
|
|a UKB
|b 300000
|h SD 16323
|
| 852 |
|
|
|a UKB
|b 300000
|h 20 D 9665
|
| 999 |
|
|
|c 9196
|d 11126
|